000 00367nam a2200145Ia 4500
005 20250729165645.0
008 250729s1978 xx 000 0 und d
041 _aeng
082 _a978 WILM
100 _aWill Baker
_9229847
245 _aMountain Blood
260 _aLondon
_bThe University of Georgia Press
_c1978
300 _a175p
650 _aGeography
_9229848
999 _c238486
_d238486